000 00615nam a2200229Ia 4500
003 OSt
005 20220926044219.0
006 a|||||r|||| 00| 0
007 ta
008 220923b |||||||| |||| 00| 0 eng d
037 _cGeneral Book
040 _aRTL
_cRTL
_beng
041 _2eng
_aeng
082 _aQ2.21.M, A
100 _aZlegenbalg Bartholomaeus
_9348699
245 0 _aGenealogy of the South Indian gods. Tr from German
260 _c1869
300 _a208p
_ccm.
650 _aHinduism
_98459
942 _hQ2.21.M, A
_cGB
_2CC
999 _c674283
_d674283